000 00374nam a22001577a 4500
999 _c257168
_d257167
003 OSt
005 20180815114359.0
008 180815b xxu||||| |||| 00| 0 eng d
020 _a0-13-715373-2
040 _cn/a
100 _aRicky W Griffin
245 _aInternational Business
250 _a6th edition
260 _aNewjersy
_bPrentice Hall
_c2009
942 _2lcc
_cBK